000 00281nam a22001337a 4500
008 170204b xxu||||| |||| 00| 0 eng d
020 _a9780688176426
041 _aeng
080 _22ND
_a61
100 _a3
101 _aSHM
245 _aMAYO CLINIC
_cWOOD, M.B
942 _2udc
_cBK
999 _c4665
_d4665